MESTSKÁ KNIŽNICA GIRALTOVCE  - online katalóg 

Vreckový atlas húb (Record no. 19702)

000 -NÁVESTIE
fixed length control field 00721nam a2200217 a 4500
008 - ÚDAJE S PEVNOU DĹŽKOU – VŠEOBECNÉ INFORMÁCIE
fixed length control field 951031s1972||||xo 0 slo c
040 ## - ZDROJ KATALOGIZÁCIE
Pôvodná katalogizujúca agentúra SNK
Jazyk katalogizácie slo
Prepisujúca agentúra SNK
Konvencie popisu AACR2
041 1# - KÓD JAZYKA
Kód jazyka textu/zvukovej stopy alebo samostatných nápisov slo
044 ## - KÓD KRAJINY VYDAVATEĽA/PRODUCENTA
Kód krajiny MARC xo
Kód krajiny ISO SK
080 ## - ČÍSLO MEDZINÁRODNÉHO DESATINNÉHO TRIEDENIA (MDT)
Číslo Medzinárodného desatinného triedenia (MDT) 582.28(084.42)
020 ## - MEDZINÁRODNÉ ŠTANDARDNÉ ČÍSLO KNIHY (ISBN)
Údaje o dostupnosti 20
100 1# - OSOBNÉ MENÁ – VŠEOBECNÉ INFORMÁCIE
Kód roly aut
Osobné meno Pilát, Albert
245 10 - NÁZOV
Názov Vreckový atlas húb
Údaj o zodpovednosti atď. Pavol Škubla ; Graf. upr. František Jablonovský ; Ilustr. Pavol Škubla ; Aut. obál. František Jablonovský
260 ## - VYDAVATEĽSKÉ ÚDAJE, DISTRIBÚCIA ATĎ.
Miesto publikovania, distribúcie atď. Bratislava
Dátum publikovania, distribúcie atď. 1972
Miesto výroby Bratislava
Výrobca Svornosť, spol. s r.o.
Názov vydavateľa, distibútora atď. SPN
300 ## - FYZICKÝ POPIS
Ďalšie fyzické detaily Reg. slov., čes. a lat. náz. húb
700 1# - PRIDANÝ VSTUP – OSOBNÉ MENO
Osobné meno Jablonovský, František
Kód roly bkd
700 1# - PRIDANÝ VSTUP – OSOBNÉ MENO
Osobné meno Škubla, Pavol
Kód roly ill
700 1# - PRIDANÝ VSTUP – OSOBNÉ MENO
Osobné meno Jablonovský, František
Kód roly bjd
958 ## - Formálny deskriptor
Formálny deskriptor AAT
958 ## - Formálny deskriptor
Formálny deskriptor APR
Holdings
Stav stiahnutia (Blokovanie) (Withrawn status) Stav straty Stav poškodenia (Damaged status) Nie pre výpožičky (Not for loan) Spôsob nadobudnutia (Collection code) Trvalé umiestnenie Aktuálne umiestnenie Dátum nadobudnutia Náklady, bežná kúpna cena Inventárne číslo (prírastkové číslo) Full call number Dátum posledného výskytu Cena s účinnosťou od Typ jednotky Koha
        Kúpa Mestská knižnica Giraltovce Mestská knižnica Giraltovce 2019-11-29 20.00 18217 I 1520 2019-11-29 2019-11-29 Odborná literatúra pre dospelých

Powered by Koha